| 000 | 00916cam a2200253 a 4500 | ||
|---|---|---|---|
| 999 |
_c9484 _d9484 |
||
| 001 | 11844235 | ||
| 003 | OSt | ||
| 005 | 20210115122018.0 | ||
| 008 | 991117s2000 lau 000 0 eng | ||
| 010 | _a 99058939 | ||
| 020 | _a1582290946 | ||
| 040 |
_aDLC _cDLC _dDLC |
||
| 050 | 0 | 0 |
_aBS2615.2 _b.W36 2000 |
| 082 | 0 | 0 |
_a226.5/06 _221 |
| 100 | 1 |
_aWalling, Jeff, _d1957- |
|
| 245 | 1 | 0 |
_aUntil I return : _b12 things Jesus wants every believer to know / _cJeff Walling. |
| 260 |
_aWest Monroe, La. : _bHoward Pub., _cc2000. |
||
| 300 |
_avii, 229 p. ; _c24 cm. |
||
| 630 | 0 | 0 |
_aBible. _pJohn, XIV-XVI _xCriticism, interpretation, etc. |
| 650 | 0 |
_aChristian life _xBiblical teaching. |
|
| 906 |
_a7 _bcbc _corignew _d1 _eocip _f19 _gy-gencatlg |
||
| 942 |
_2ddc _cBK |
||